000 00441nam a2200169Ia 4500
001 25564
003 IN-NITTTR
005 20251114233324.0
008 251113s9999||||xx |||||||||||||| ||eng||
040 _beng
040 _cIN-NITTTR
041 _aeng
082 _a650.1 C63S
100 _aCovey, Stephen R.
245 4 _aThe 7 habits of highly effective people :
_b restoring the character ethic. /
_cCovey, Stephen R.
942 _2ddc
_cBK
999 _c28193
_d28193